000
00228nam a2200097Ia 4500
008
230508s1989 xx 000 0 und d
041
_a
eng
100
_a
GROB
245
_a
DIRECT AND ALTERNATING CURRENT CIRCUITS
260
_c
1989
999
_c
323808
_d
323808